|
|
|
|
| LEADER |
02260nam a2200433 4500 |
| 001 |
978-3-319-95453-0 |
| 003 |
DE-He213 |
| 005 |
20191029002017.0 |
| 007 |
cr nn 008mamaa |
| 008 |
180808s2018 gw | s |||| 0|eng d |
| 020 |
|
|
|a 9783319954530
|9 978-3-319-95453-0
|
| 024 |
7 |
|
|a 10.1007/978-3-319-95453-0
|2 doi
|
| 040 |
|
|
|d GrThAP
|
| 050 |
|
4 |
|a BF1-990
|
| 072 |
|
7 |
|a JM
|2 bicssc
|
| 072 |
|
7 |
|a PSY000000
|2 bisacsh
|
| 072 |
|
7 |
|a JM
|2 thema
|
| 082 |
0 |
4 |
|a 150
|2 23
|
| 100 |
1 |
|
|a Schredl, Michael.
|e author.
|4 aut
|4 http://id.loc.gov/vocabulary/relators/aut
|
| 245 |
1 |
0 |
|a Researching Dreams
|h [electronic resource] :
|b The Fundamentals /
|c by Michael Schredl.
|
| 250 |
|
|
|a 1st ed. 2018.
|
| 264 |
|
1 |
|a Cham :
|b Springer International Publishing :
|b Imprint: Palgrave Macmillan,
|c 2018.
|
| 300 |
|
|
|a XII, 225 p. 1 illus.
|b online resource.
|
| 336 |
|
|
|a text
|b txt
|2 rdacontent
|
| 337 |
|
|
|a computer
|b c
|2 rdamedia
|
| 338 |
|
|
|a online resource
|b cr
|2 rdacarrier
|
| 347 |
|
|
|a text file
|b PDF
|2 rda
|
| 505 |
0 |
|
|a 1. Definitions -- 2. Dream Recall -- 3. Dream Content Analysis -- 4. Dream Behavior and Dream Content in Healthy Persons. - 5. Dream Content and Physiology -- 6. Dreams and Mental Disorders -- 7. Nightmares -- 8. Lucid Dreaming -- 9. Functions of Dreaming.
|
| 520 |
|
|
|a What can be gleaned from the study of our dreams? The book not only presents a comprehensive introduction to the research obtained so far but also provides the tools to carry our scientific dream studies-including the shortcomings and strengths of various approaches. Topics include the factors of dream recall; the continuity hypothesis of dreaming; the relationship between physiology and dream content; etiology and therapy of nightmares; and lucid dreaming.
|
| 650 |
|
0 |
|a Psychology.
|
| 650 |
1 |
4 |
|a Psychology, general.
|0 http://scigraph.springernature.com/things/product-market-codes/Y00007
|
| 710 |
2 |
|
|a SpringerLink (Online service)
|
| 773 |
0 |
|
|t Springer eBooks
|
| 776 |
0 |
8 |
|i Printed edition:
|z 9783319954523
|
| 776 |
0 |
8 |
|i Printed edition:
|z 9783319954547
|
| 776 |
0 |
8 |
|i Printed edition:
|z 9783030070403
|
| 856 |
4 |
0 |
|u https://doi.org/10.1007/978-3-319-95453-0
|z Full Text via HEAL-Link
|
| 912 |
|
|
|a ZDB-2-BSP
|
| 950 |
|
|
|a Behavioral Science and Psychology (Springer-41168)
|